000 00884nam a2200241 i 4500
001 171087
003 ES-MaACL
005 20230906214533.0
008 090427q1832 fr |||| | fre d
080 _a782.089.6
100 1 _aHérold, Ferdinand.
_9137970
245 1 3 _aLe pré aux clercs [
_hMúsica impresa]
_b: opéra-comique en trois actes /
_cparoles de E. de Planard ; musique de F. Hérold.
250 _aPetite éd. populaire.
260 _aParis :
_bL. Grus & Cie,
_c[ca. 1832]
300 _a1 partitura vocal (150 p.) ;
_c19 cm.
490 1 _aPetites partitions populaires ;
_v6
650 4 _aÓperas-
_xPartituras vocales.
_9137997
700 1 _aPlanard, Eugène de.
_9139092
830 1 _aPetites partitions populaires ;
_v6
_9223139
852 4 _aES-MaACL
_jE-12615
_z- Biblioteca Jacinto Martínez Lacalle
942 _2udc
999 _c171087
_d171087